| 000 | 00727cam a2200217 a 4500 | ||
|---|---|---|---|
| 001 | 411640 | ||
| 005 | 20180126073248.0 | ||
| 008 | 810721s1981 wiu b 100 0 eng | ||
| 010 | _a 80069528 | ||
| 020 | _a0891187677 (pbk.) | ||
| 040 |
_aDLC _cDLC _dDLC |
||
| 041 | _aeng | ||
| 080 | _a576.15 | ||
| 082 | 0 | 0 |
_a576.15 ELL _219 |
| 100 | _a11 | ||
| 101 | _aMKB | ||
| 245 | 0 | 0 |
_aWater potential relations in soil microbiology : _csponsored by Divisions S-1 and S-3 of the Soil Science Society of America ; editorial committee, J.F. Parr, chairman, W.R. Gardner, L.F. Elliott. |
| 504 | _aIncludes bibliographies. | ||
| 906 |
_a7 _bcbc _corignew _d2 _eopcn _f19 _gy-gencatlg |
||
| 942 |
_2ddc _cBK |
||
| 999 |
_c40992 _d40992 |
||